000 00813cam a2200229 a 4500
001 000012613
005 20200929163039.0
008 810401s1980 mx a 000 0 spa d
035 _a(DLC) 80131845
082 _a365.347284
_bM385c
100 1 _aMartínez, Ana Guadalupe,
_d1952-
_929330
245 1 4 _aLas cárceles clandestinas de El Salvador /
_cAna Guadalupe Martínez ; prólogo René Cruz.
260 _aCulicán, Sinaloa México :
_bUniversidad Autónoma de Sinaloa,
_c1980.
300 _a346 p. :
_bil. ;
_c21 cm.
490 1 _aNuestro continente
_v3
650 4 _aPrisiones
_zEl Salvador
_929331
650 4 _aPresos políticos
_zEl Salvador
_929332
650 4 _aTortura
_zEl Salvador
_929333
700 1 _aCruz, René
_pprólogo
_929334
830 0 _aNuestro continente ;
_v3
_929335
999 _c12268
_d12268
040 _aDO-SdBNP